| 000 | 00782cam a2200265 a 4500 | ||
|---|---|---|---|
| 001 | 143992 | ||
| 003 | OSt | ||
| 005 | 20180921 | ||
| 008 | 0000001988 DOMD 0000000000 00 | ||
| 100 | _aBalaguer Ricardo, Joaquín, 1906-2002 | ||
| 245 |
_aLa palabra encadenada _cJoaquín Balaguer |
||
| 250 | _a2ed. ampl. | ||
| 260 | _bCorripio | ||
| 300 | _a420p. | ||
| 490 |
_aColección Discursos; _vTomo 4 |
||
| 504 | _aIncluye índice | ||
| 650 |
_aBalaguer , Joaquín, 1906-2002 _aDiscursos dominicanos |
||
| 040 |
_aDLC _cDLC |
||
| 942 |
_2ddc _cBK |
||
| 999 |
_c143992 _d14399200 |
||